| 000 | 01031 a2200253 4500 | ||
|---|---|---|---|
| 999 |
_c11387 _d11387 |
||
| 020 | _a9780367276812 | ||
| 050 | 1 | 0 |
_aHQ 1191 _bDAI 2020 |
| 245 | 0 | 0 |
_aDalit feminist theory : _ba reader / _cedited by Sunaina Arya and Aakash Singh Rathore. |
| 264 | 1 |
_aLondon ; _aNew York : _bRoutledge, Taylor & Francis Group, _c2020. |
|
| 300 |
_a245 pages _billustrations |
||
| 336 |
_atext _btxt _2rdacontent |
||
| 337 |
_acomputer _bc _2rdamedia |
||
| 338 |
_aonline resource _bcr _2rdacarrier |
||
| 504 | _aIncludes bibliographical references and index. | ||
| 520 | _a"Dalit Feminist Theory: A Reader reorients Indian feminism by examining the relationship between gender and caste to achieve gender justice for all women, not just women of privileged castes"-- | ||
| 650 | 0 | _aFeminist theory | |
| 650 | 0 | _aFeminism | |
| 650 | 0 |
_aDalit women _xSocial conditions. |
|
| 650 | 0 | _aCaste | |
| 700 | 1 |
_aArya, Sunaina, _eeditor. |
|
| 700 | 1 |
_aRathore, Aakash Singh, _eeditor. |
|
| 942 |
_2lcc _cBK _h1191 _iDAI _kHQ |
||